[Event "OLNO 2223 USC Viadrina Frankfurt/O - SC"]
[Site "?"]
[Date "2023.05.07"]
[Round "9.2"]
[White "Lippert, Daniel"]
[Black "Kyritz, Michael"]
[Result "1-0"]
[WhiteElo "2083"]
[BlackElo "2204"]
[PlyCount "87"]
[EventDate "2023.??.??"]

1. e4 c5 2. Nf3 Nc6 3. d4 cxd4 4. Nxd4 Nf6 5. Nc3 d6 6. Bg5 a6 7. Qd3 e6 8. Nxc6 bxc6 9. O-O-O Qa5 10. Qg3 h6 11. Bd2 Rb8 12. Bc4 Qb6 13. Bb3 Qc7 14. f4 d5 15. Qe3 Be7 16. g4 Rb4 17. exd5 cxd5 18. Nxd5 Nxd5 19. Bxd5 Bc5 20. Qe2 Rd4 21. Be3 Rxd1+ 22. Rxd1 O-O 23. Bxc5 Qxc5 24. Bb3 Bb7 25. h4 a5 26. g5 Qf5 27. Qe5 Qxe5 28. fxe5 hxg5 29. hxg5 Kh7 30. Rd7 Be4 31. Kd2 Kg6 32. Ke3 Bf5 33. c4 Kxg5 34. c5 Rc8 35. Kd4 Kf4 36. Ba4 g5 37. Rxf7 g4 38. Rg7 g3 39. Bd7 Rb8 40. c6 Rxb2 41. c7 Rd2+ 42. Kc5 Rxd7 43. Rxd7 g2 44. Rd1 1-0

[Event "OLNO 2223 USC Viadrina Frankfurt/O - SC"]
[Site "?"]
[Date "2023.05.07"]
[Round "9.3"]
[White "Gelman, Josef"]
[Black "Grabowski, Jan"]
[Result "1/2-1/2"]
[WhiteElo "2105"]
[BlackElo "1940"]
[PlyCount "68"]
[EventDate "2023.??.??"]

1. d4 e6 2. e4 d5 3. Nc3 Nf6 4. e5 Nfd7 5. f4 c5 6. Nf3 Nc6 7. Be3 Be7 8. Qd2 a6 9. Be2 O-O 10. g4 cxd4 11. Nxd4 Bh4+ 12. Kf1 Nxd4 13. Bxd4 f6 14. exf6 Nxf6 15. Kg2 b5 16. a3 Ne4 17. Nxe4 dxe4 18. Rhf1 Bb7 19. Qe3 Bf6 20. Rad1 Bxd4 21. Rxd4 Qc7 22. c4 e5 23. fxe5 Rxf1 24. Bxf1 Qxe5 25. cxb5 axb5 26. Kg1 Rf8 27. Rd2 Bc6 28. Bg2 h6 29. h3 Kh7 30. Re2 Re8 31. Rd2 Re7 32. Re2 Re8 33. Rd2 Re7 34. Re2 Re8 1/2-1/2

[Event "OLNO 2223 USC Viadrina Frankfurt/O - SC"]
[Site "?"]
[Date "2023.05.07"]
[Round "9.4"]
[White "Mueller, Thorsten"]
[Black "Hoegy, Kevin"]
[Result "0-1"]
[WhiteElo "1981"]
[BlackElo "2232"]
[PlyCount "94"]
[EventDate "2023.??.??"]

1. d4 Nf6 2. Nf3 g6 3. c4 Bg7 4. Nc3 d5 5. g3 O-O 6. Bg2 c6 7. cxd5 Nxd5 8. O-O Nxc3 9. bxc3 c5 10. Rb1 Nc6 11. d5 Na5 12. Qd3 e5 13. Nd2 b6 14. c4 Ba6 15. e4 Qd7 16. Qc2 Nb7 17. Bb2 Nd6 18. f4 Rfe8 19. a4 f6 20. Rbe1 Re7 21. Rf2 Rae8 22. Rfe2 Qg4 23. Bf3 Qh3 24. Bg2 Qg4 25. Bf3 Qd7 26. Bg2 Rf8 27. Rf2 Bh6 28. h3 Rfe8 29. Kh2 g5 30. fxg5 fxg5 31. Bf1 g4 32. Be2 gxh3 33. Ref1 Bxd2 34. Qxd2 Nxe4 35. Qh6 Nxf2 36. Rxf2 Rf7 37. Qg5+ Rg7 38. Qh5 Qe7 39. Rf5 Rf8 40. Rxe5 Qf6 41. Qxh3 Bc8 42. Qg2 Qh6+ 43. Kg1 Bh3 44. Qh2 Qf4 45. Qxh3 Rxg3+ 46. Qxg3+ Qxg3+ 47. Kh1 Qe1+ 0-1

[Event "OLNO 2223 USC Viadrina Frankfurt/O - SC"]
[Site "?"]
[Date "2023.05.07"]
[Round "9.5"]
[White "Uhl, Heinz"]
[Black "Ketelhoehn, Bernd"]
[Result "1-0"]
[WhiteElo "2129"]
[BlackElo "1912"]
[PlyCount "91"]
[EventDate "2023.??.??"]

1. c4 e5 2. Nc3 Nc6 3. g3 d6 4. Bg2 g6 5. e3 Bg7 6. Nge2 Nge7 7. O-O O-O 8. d3 Be6 9. Nd5 Qd7 10. Rb1 Nd8 11. Qc2 c6 12. Nxe7+ Qxe7 13. Bd2 Rc8 14. Bb4 b5 15. b3 c5 16. Bc3 a6 17. Ba1 b4 18. Rbd1 Nc6 19. h3 a5 20. Kh2 Qc7 21. Rfe1 Ne7 22. d4 Bd7 23. f4 exd4 24. exd4 Nf5 25. Qd2 Bc6 26. Bxc6 Qxc6 27. d5 Qd7 28. Bxg7 Nxg7 29. g4 a4 30. Ng3 Rfe8 31. Ne4 Qd8 32. g5 Nh5 33. bxa4 Ra8 34. Qc2 f5 35. gxf6 Nxf6 36. Ng5 Rxe1 37. Rxe1 Ra7 38. Qe2 Kh8 39. Qb2 h6 40. Re6 hxg5 41. fxg5 Kh7 42. gxf6 Rf7 43. Qf2 Qd7 44. Qh4+ Kg8 45. Qe4 Qxa4 46. Re8+ 1-0

[Event "OLNO 2223 USC Viadrina Frankfurt/O - SC"]
[Site "?"]
[Date "2023.05.07"]
[Round "9.8"]
[White "Krannich, Sven"]
[Black "Gross, Thorsten"]
[Result "1/2-1/2"]
[WhiteElo "1881"]
[BlackElo "2136"]
[PlyCount "115"]
[EventDate "2023.??.??"]

1. b4 d5 2. Bb2 Nf6 3. e3 Bf5 4. Nf3 e6 5. b5 h6 6. Be2 a6 7. a4 axb5 8. axb5 Rxa1 9. Bxa1 Nbd7 10. O-O Qa8 11. Bxf6 Nxf6 12. c4 Bd6 13. d4 dxc4 14. Bxc4 O-O 15. Qb3 Qa5 16. Nc3 Ra8 17. Ne2 Qa3 18. Qxa3 Rxa3 19. Ng3 Bh7 20. Rc1 Kf8 21. Nd2 Bb4 22. Nb3 Ne8 23. Nc5 Nd6 24. Bf1 Ke8 25. Nh5 Bg6 26. Nxg7+ Ke7 27. g4 Kf6 28. Nh5+ Bxh5 29. gxh5 Bd2 30. Rc2 Ba5 31. e4 Kg5 32. e5 Nf5 33. Nxb7 Nxd4 34. Rc4 Bb6 35. Kg2 Nxb5 36. Nd8 Nd4 37. Nxf7+ Kxh5 38. Rb4 Kg6 39. Nd8 Kf5 40. Nf7 Kg6 41. Nd8 Kf5 42. Nf7 h5 43. Bc4 Nc6 44. Rb2 Bd4 45. Rc2 Nxe5 46. Nxe5 Bxe5 47. Be2 h4 48. h3 Bc3 49. Bg4+ Kf6 50. Re2 e5 51. Re3 c5 52. Kf3 Rb3 53. Ke4 Rb4+ 54. Kd5 Rd4+ 55. Kc6 Rf4 56. f3 Bb4 57. Kb5 Rd4 58. Re4 1/2-1/2

[Event "OLNO 2223 SV Empor Berlin - SK König Te"]
[Site "?"]
[Date "2023.05.07"]
[Round "9.1"]
[White "Rosmann, Ilja"]
[Black "Volke, Karsten"]
[Result "1/2-1/2"]
[WhiteElo "2293"]
[BlackElo "2434"]
[PlyCount "28"]
[EventDate "2023.??.??"]

1. e4 c5 2. Nf3 Nc6 3. Bb5 g6 4. O-O Bg7 5. Re1 e5 6. a3 Nge7 7. b4 d6 8. Nc3 O-O 9. bxc5 dxc5 10. Bc4 Nd4 11. Rb1 b6 12. h3 Bb7 13. d3 h6 14. Nh2 Kh7 1/2-1/2

[Event "OLNO 2223 SV Empor Berlin - SK König Te"]
[Site "?"]
[Date "2023.05.07"]
[Round "9.2"]
[White "Thinius, Marco"]
[Black "Acikel, Mert"]
[Result "1-0"]
[WhiteElo "2350"]
[BlackElo "2229"]
[PlyCount "59"]
[EventDate "2023.??.??"]

1. Nf3 d5 2. d4 Nf6 3. c4 e6 4. Nc3 Be7 5. Bf4 O-O 6. e3 Nbd7 7. c5 c6 8. Bd3 b6 9. b4 a5 10. a3 Ba6 11. O-O Bxd3 12. Qxd3 Qc8 13. Rfc1 Qb7 14. h3 h6 15. Rab1 axb4 16. axb4 b5 17. Nd2 Ra3 18. Nb3 Bd8 19. Qc2 Ne4 20. Ra1 Rxa1 21. Rxa1 Nxc3 22. Qxc3 Bf6 23. Ra5 Ra8 24. Qa1 Rxa5 25. Qxa5 e5 26. dxe5 Bxe5 27. Qd8+ Kh7 28. Na5 Qa7 29. Qe7 Bc3 30. Qxf7 1-0

[Event "OLNO 2223 SV Empor Berlin - SK König Te"]
[Site "?"]
[Date "2023.05.07"]
[Round "9.3"]
[White "Dimitrijeski, Boris"]
[Black "Foerster, Jonas"]
[Result "1-0"]
[WhiteElo "2186"]
[BlackElo "2274"]
[PlyCount "71"]
[EventDate "2023.??.??"]

1. d4 Nf6 2. c4 e6 3. Nc3 d5 4. cxd5 exd5 5. Bg5 c6 6. e3 h6 7. Bh4 Be7 8. Bd3 O-O 9. Nge2 Re8 10. O-O Nbd7 11. Qc2 b5 12. Nb1 Bb7 13. a4 Rc8 14. axb5 cxb5 15. Qd1 a6 16. Nd2 g6 17. h3 Nh5 18. Bxe7 Qxe7 19. Nb3 Rc7 20. Nec1 Nhf6 21. Be2 Rb8 22. Nd3 Bc8 23. Nbc5 Nxc5 24. Nxc5 Ne4 25. b4 Rb6 26. Bf3 Ng5 27. Bxd5 Nxh3+ 28. gxh3 Bxh3 29. Bg2 Bxg2 30. Kxg2 Qg5+ 31. Kh3 h5 32. f4 Qf5+ 33. Kh2 Re7 34. e4 Qf6 35. Ra3 Re8 36. Nd7 1-0

[Event "OLNO 2223 SV Empor Berlin - SK König Te"]
[Site "?"]
[Date "2023.05.07"]
[Round "9.4"]
[White "Nitsche-Hahn, Raphael"]
[Black "Eilenberg, Jonas"]
[Result "1-0"]
[WhiteElo "2117"]
[BlackElo "2171"]
[PlyCount "151"]
[EventDate "2023.??.??"]

1. d4 d5 2. Bf4 Bf5 3. e3 e6 4. Bd3 Bxd3 5. Qxd3 c6 6. Nf3 Bd6 7. Bg3 Nf6 8. c4 Qe7 9. Nc3 Nbd7 10. Bh4 h6 11. Rd1 Rd8 12. O-O g5 13. Bg3 O-O 14. e4 Bxg3 15. hxg3 dxe4 16. Nxe4 Nxe4 17. Qxe4 Qf6 18. Ne5 Qf5 19. Qxf5 exf5 20. f4 g4 21. d5 cxd5 22. Nxd7 Rxd7 23. Rd4 Re8 24. Rfd1 Re2 25. R1d2 Rxd2 26. Rxd2 d4 27. Kf2 Kf8 28. Ke2 Rd6 29. Kd3 Ke7 30. c5 Rd8 31. Kc4 Kf6 32. b4 Re8 33. b5 Re3 34. Rxd4 Rxg3 35. Rd2 Re3 36. c6 bxc6 37. bxc6 Re1 38. Kd5 Ke7 39. Rb2 Rd1+ 40. Ke5 Rc1 41. Rb7+ Kd8 42. Kxf5 Rxc6 43. Kxg4 Ra6 44. Rxf7 Rxa2 45. g3 Ra6 46. Kh5 Ke8 47. Rh7 Kf8 48. g4 Kg8 49. Rc7 Rf6 50. f5 a6 51. Re7 Kf8 52. Re6 Rxe6 53. fxe6 a5 54. Kxh6 a4 55. g5 a3 56. g6 a2 57. g7+ Ke7 58. g8=Q a1=Q 59. Qf7+ Kd6 60. Qd7+ Kc5 61. Kg6 Qg1+ 62. Kf7 Qf2+ 63. Ke8 Qg3 64. Kd8 Qb8+ 65. Ke7 Qg3 66. Qd2 Qh4+ 67. Ke8 Qf6 68. Kd7 Qg6 69. Qd6+ Kb5 70. e7 Qg4+ 71. Kd8 Qg5 72. Kc7 Qh5 73. Qc6+ Ka5 74. e8=Q Qh2+ 75. Kc8 Qh3+ 76. Qcd7 1-0

[Event "OLNO 2223 SV Empor Berlin - SK König Te"]
[Site "?"]
[Date "2023.05.07"]
[Round "9.5"]
[White "Giemsa, Stephan"]
[Black "Atkinson, Paul"]
[Result "1/2-1/2"]
[WhiteElo "2228"]
[BlackElo "2038"]
[PlyCount "70"]
[EventDate "2023.??.??"]

1. d4 Nf6 2. c4 e6 3. g3 Bb4+ 4. Bd2 Qe7 5. Bg2 Nc6 6. e3 Bxd2+ 7. Nxd2 d6 8. Ne2 O-O 9. O-O a5 10. Nc3 e5 11. Nd5 Nxd5 12. cxd5 Nb4 13. a3 Na6 14. dxe5 Qxe5 15. Nc4 Qf6 16. e4 Nc5 17. Qc2 a4 18. Rfe1 Qg6 19. Qc3 Bd7 20. e5 Rae8 21. Re3 Bb5 22. Rae1 dxe5 23. Nxe5 Qb6 24. Rc1 Na6 25. h4 Rd8 26. h5 Rfe8 27. Ng4 Rxe3 28. Nxe3 Rd6 29. Nf5 Rf6 30. h6 Bd7 31. Qe5 g6 32. Ne3 Qd6 33. Qc3 Qe7 34. Qd4 b6 35. Nc4 Nc5 1/2-1/2

[Event "OLNO 2223 SV Empor Berlin - SK König Te"]
[Site "?"]
[Date "2023.05.07"]
[Round "9.6"]
[White "Jahn, Thomas"]
[Black "Anibar, Ahmed"]
[Result "1-0"]
[WhiteElo "2159"]
[BlackElo "2290"]
[PlyCount "81"]
[EventDate "2023.??.??"]

1. e4 e6 2. d4 d5 3. Nc3 dxe4 4. Nxe4 Nf6 5. Bg5 Be7 6. Bxf6 gxf6 7. Nf3 b6 8. Bc4 Bb7 9. Qe2 Nd7 10. O-O-O c6 11. Rhe1 Qc7 12. Nc3 O-O-O 13. d5 cxd5 14. Bxd5 Nc5 15. Bxb7+ Kxb7 16. g3 Rxd1+ 17. Rxd1 Rd8 18. Nd4 Rc8 19. Qf3+ Kb8 20. Ncb5 Qb7 21. Qh5 a6 22. Nc3 f5 23. Kb1 Bf6 24. Qh6 Bh8 25. Qe3 b5 26. Nb3 Nxb3 27. axb3 Bf6 28. Rd6 Rc6 29. Rxc6 Qxc6 30. h4 Kb7 31. Qh6 Bxc3 32. bxc3 Qxc3 33. Qxh7 Qe1+ 34. Kb2 Qe5+ 35. Ka2 Qc7 36. Kb1 a5 37. Qg7 e5 38. Qf6 a4 39. Qxf5 a3 40. Ka2 Qe7 41. Qe4+ 1-0

[Event "OLNO 2223 SV Empor Berlin - SK König Te"]
[Site "?"]
[Date "2023.05.07"]
[Round "9.7"]
[White "Wierzbicki, Jirawat"]
[Black "Staerk, Elisa"]
[Result "1-0"]
[WhiteElo "2170"]
[BlackElo "1945"]
[PlyCount "83"]
[EventDate "2023.??.??"]

1. e4 c5 2. Nf3 d6 3. Bb5+ Bd7 4. c4 Nc6 5. Nc3 e6 6. O-O g6 7. Bxc6 Bxc6 8. d4 Bg7 9. Be3 cxd4 10. Nxd4 Nf6 11. f3 O-O 12. Ndb5 d5 13. Nxa7 dxc4 14. Nxc6 bxc6 15. Qe2 Qd3 16. Qf2 Qd7 17. Rfd1 Qb7 18. Rd2 Rfd8 19. Rad1 Rxd2 20. Qxd2 h5 21. Qc2 Nd7 22. f4 Bh6 23. Qd2 Nf6 24. h3 Rb8 25. Qd4 Qe7 26. Qxc4 Rxb2 27. Qxc6 Rc2 28. e5 Qa3 29. exf6 Rxc3 30. Qe8+ Qf8 31. Qe7 Rc8 32. a4 Qe8 33. Rd7 e5 34. a5 Bxf4 35. Bxf4 exf4 36. a6 f3 37. gxf3 Rc1+ 38. Kf2 Rc2+ 39. Ke1 Rc8 40. a7 Qf8 41. Qxf8+ Rxf8 42. Rb7 1-0

[Event "OLNO 2223 SV Empor Berlin - SK König Te"]
[Site "?"]
[Date "2023.05.07"]
[Round "9.8"]
[White "Schabe, Felix"]
[Black "Niehaus, Frank"]
[Result "1/2-1/2"]
[WhiteElo "1977"]
[BlackElo "2135"]
[PlyCount "28"]
[EventDate "2023.??.??"]

1. Nf3 Nf6 2. d4 g6 3. c4 Bg7 4. Nc3 O-O 5. e4 d6 6. Be2 e5 7. dxe5 dxe5 8. Qxd8 Rxd8 9. Bg5 Re8 10. Nd5 Nxd5 11. cxd5 c6 12. Bc4 cxd5 13. Bxd5 Na6 14. O-O Nc7 1/2-1/2

[Event "OLNO 2223 TSG Oberschöneweide - SAV Tor"]
[Site "?"]
[Date "2023.05.07"]
[Round "9.1"]
[White "Grossmann, Piet"]
[Black "Schoewel, Matthias"]
[Result "0-1"]
[WhiteElo "1935"]
[BlackElo "2218"]
[PlyCount "136"]
[EventDate "2023.??.??"]

1. e4 e5 2. Nf3 Nc6 3. d4 exd4 4. Nxd4 d6 5. Nc3 Nf6 6. Be2 Be7 7. O-O O-O 8. f4 Nxd4 9. Qxd4 b6 10. Kh1 Bb7 11. Bf3 Qc8 12. Bd2 c6 13. Rae1 Nd7 14. e5 dxe5 15. fxe5 Nc5 16. Bc1 Ba6 17. Be2 Qe6 18. Bxa6 Nxa6 19. a3 Rad8 20. Qf4 Nc7 21. Qg3 Qg6 22. Qf3 h6 23. Re4 Kh8 24. Rg4 Qxc2 25. Qxc6 Ne6 26. Qe4 Qxe4 27. Rxe4 Nc5 28. Re2 Kg8 29. g3 Rd3 30. Kg2 Nb3 31. Be3 Bxa3 32. Nb5 Bxb2 33. Rxb2 Rxe3 34. Nxa7 Nc5 35. Rxb6 Rxe5 36. Rb2 Re6 37. Rc2 Ne4 38. Nb5 Rd8 39. Rfc1 Kh7 40. Kg1 Ng5 41. Kg2 Re3 42. Rf1 Red3 43. Rf4 f6 44. Na7 Ne6 45. Rff2 h5 46. Nc6 R8d7 47. Rce2 R3d6 48. Nb4 Nc5 49. Nc2 Nd3 50. Rf1 g5 51. Ne1 Ne5 52. Nf3 Nc4 53. Rfe1 Kg6 54. Rc1 Nb6 55. Rcc2 h4 56. Re4 hxg3 57. hxg3 Ra7 58. Re3 Nd5 59. Rb3 Re6 60. Kf2 Rae7 61. Rd2 Ne3 62. Nd4 Ng4+ 63. Kf3 Ne5+ 64. Kg2 Ra6 65. Nf3 Nc4 66. Rf2 Ne3+ 67. Kh1 Ra1+ 68. Ng1 Ng4 0-1

[Event "OLNO 2223 TSG Oberschöneweide - SAV Tor"]
[Site "?"]
[Date "2023.05.07"]
[Round "9.2"]
[White "Horn, Sven"]
[Black "Schmekel, Florian"]
[Result "0-1"]
[WhiteElo "2102"]
[BlackElo "2092"]
[PlyCount "96"]
[EventDate "2023.??.??"]

1. e4 c5 2. Nf3 Nc6 3. Bb5 Nd4 4. Nxd4 cxd4 5. c3 Qb6 6. Ba4 e5 7. O-O Nf6 8. d3 dxc3 9. Nxc3 Bc5 10. Rb1 Qd8 11. b4 Bb6 12. Qf3 h6 13. Nb5 O-O 14. Nd6 Bc7 15. Nxc8 Rxc8 16. Bb3 Qe7 17. Re1 Bd6 18. Qf5 Bxb4 19. Rd1 Bc5 20. g4 Nh7 21. Ba4 d6 22. Kg2 b6 23. Qh5 Nf6 24. Qh4 Qe6 25. g5 hxg5 26. Bxg5 Qg4+ 27. Qxg4 Nxg4 28. Bd7 Nxf2 29. Rd2 Rc7 30. Bb5 f6 31. Bh4 Ng4 32. Kf3 Nh6 33. Bc4+ Kh7 34. Be6 f5 35. Bg3 Re7 36. Bc4 g5 37. Bd5 f4 38. Be1 g4+ 39. Kg2 Rg7 40. Bh4 f3+ 41. Kf1 Ng8 42. Be6 Nf6 43. a4 Nh5 44. Ra1 g3 45. hxg3 Nxg3+ 46. Bxg3 Rxg3 47. Rh2+ Kg7 48. Rh1 Rh8 0-1

[Event "OLNO 2223 TSG Oberschöneweide - SAV Tor"]
[Site "?"]
[Date "2023.05.07"]
[Round "9.4"]
[White "Hommel, Niclas"]
[Black "Bauer, Norbert"]
[Result "0-1"]
[WhiteElo "2053"]
[BlackElo "2055"]
[PlyCount "70"]
[EventDate "2023.??.??"]

1. e4 c5 2. Nf3 Nc6 3. d4 cxd4 4. Nxd4 Nf6 5. Nc3 e5 6. Ndb5 d6 7. Bg5 a6 8. Na3 b5 9. Nd5 Be7 10. Bxf6 Bxf6 11. c4 b4 12. Nc2 a5 13. g3 Bg5 14. Bg2 O-O 15. O-O Ne7 16. h4 Bh6 17. Qd3 Nxd5 18. exd5 g6 19. a3 Bf5 20. Be4 Bxe4 21. Qxe4 b3 22. Ne3 Qb6 23. a4 f5 24. Qd3 Bg7 25. Rfc1 Qc5 26. Qxb3 f4 27. Nd1 e4 28. Kg2 e3 29. gxf4 exf2 30. Qg3 f1=Q+ 31. Kxf1 Be5 32. Kg2 Bxf4 33. Qg4 Bxc1 34. Rxc1 Rae8 35. h5 Re1 0-1

[Event "OLNO 2223 TSG Oberschöneweide - SAV Tor"]
[Site "?"]
[Date "2023.05.07"]
[Round "9.5"]
[White "Herrmann, Jakob"]
[Black "Meyer-Dunker, Paul"]
[Result "1-0"]
[WhiteElo "2084"]
[BlackElo "2091"]
[PlyCount "65"]
[EventDate "2023.??.??"]

1. e4 e5 2. Nf3 Nc6 3. Nc3 Nf6 4. a3 Bc5 5. Nxe5 Bxf2+ 6. Kxf2 Nxe5 7. d4 Neg4+ 8. Kg1 d5 9. h3 Nh6 10. Bxh6 gxh6 11. e5 Ne4 12. Qf3 Nd2 13. Qf4 Nxf1 14. Rxf1 Be6 15. Qxh6 Rg8 16. Qf6 Qc8 17. Kh2 Kd7 18. Ne2 Rg6 19. Qh4 Qg8 20. Nf4 Rg5 21. Rhg1 Qg7 22. Nh5 Qg6 23. Nf6+ Kc6 24. Rf2 h5 25. c4 dxc4 26. d5+ Bxd5 27. Nxd5 Kxd5 28. Rd1+ Kc5 29. Qd4+ Kb5 30. a4+ Kb4 31. Qc3+ Kc5 32. Qa5+ Kc6 33. Qb5# 1-0

[Event "OLNO 2223 TSG Oberschöneweide - SAV Tor"]
[Site "?"]
[Date "2023.05.07"]
[Round "9.8"]
[White "Nguyen, Phuc Nhat"]
[Black "Subocz, Gabriel"]
[Result "1-0"]
[WhiteElo "1929"]
[BlackElo "1323"]
[PlyCount "115"]
[EventDate "2023.??.??"]

1. e4 c5 2. Nf3 d6 3. d4 cxd4 4. Nxd4 Nf6 5. Nc3 g6 6. Be3 Bg7 7. Bc4 Nc6 8. Nxc6 bxc6 9. Qd2 O-O 10. O-O-O Rb8 11. f3 Qa5 12. Bh6 Qb4 13. Bb3 Be6 14. Bxg7 Kxg7 15. h4 h5 16. g4 Bxb3 17. cxb3 a5 18. gxh5 Nxh5 19. Rhg1 Rb7 20. Qg5 Kh7 21. f4 e6 22. Rdf1 a4 23. f5 exf5 24. exf5 Rg8 25. fxg6+ fxg6 26. Rg4 Qc5 27. Qxc5 dxc5 28. Nxa4 Rb4 29. Rf7+ Rg7 30. Rxb4 cxb4 31. Rxg7+ Nxg7 32. Nc5 Nf5 33. Nd3 Nxh4 34. Nxb4 g5 35. Nxc6 Nf3 36. Kd1 Kg6 37. Ke2 g4 38. Kf2 Kf5 39. Kg3 Nd2 40. b4 Ne4+ 41. Kg2 Nd6 42. a4 Ke6 43. Kg3 Kd5 44. b5 Kc5 45. b4+ Kb6 46. Nd4 Kb7 47. Kxg4 Ne4 48. Kf5 Nc3 49. a5 Nd5 50. Ke6 Nxb4 51. Kd6 Nd3 52. Ne6 Nb2 53. Nc5+ Kb8 54. Kc6 Nc4 55. Nd7+ Ka7 56. b6+ Ka6 57. Nc5+ Kxa5 58. b7 1-0

[Event "OLNO 2223 SC Rotation Pankow - SC Empor "]
[Site "?"]
[Date "2023.05.07"]
[Round "9.1"]
[White "Penzold, Andreas"]
[Black "Szelag, Marcin"]
[Result "0-1"]
[WhiteElo "2360"]
[BlackElo "2401"]
[PlyCount "86"]
[EventDate "2023.??.??"]

1. c4 g6 2. Nc3 Bg7 3. d4 Nf6 4. e4 d6 5. Nf3 O-O 6. Be2 e5 7. Be3 exd4 8. Nxd4 Re8 9. f3 c6 10. Qd2 d5 11. exd5 cxd5 12. c5 Nc6 13. Bf2 Bf8 14. Nxc6 bxc6 15. b4 Rb8 16. a3 a5 17. Rb1 Bf5 18. Rb2 axb4 19. axb4 Bg7 20. Bd4 Nh5 21. O-O Qh4 22. g4 Bd7 23. Bxg7 Nxg7 24. Na4 Qf6 25. Nb6 Rbd8 26. b5 Ne6 27. Nxd7 Rxd7 28. bxc6 Rc7 29. Bd1 Nxc5 30. Rc2 Qxc6 31. Re1 Rxe1+ 32. Qxe1 Qd6 33. Qb4 d4 34. Rc4 d3 35. Rd4 Qe7 36. Rd5 Qe3+ 37. Kg2 Ne6 38. Qb8+ Kg7 39. Qb2+ f6 40. Rd6 Rc2+ 41. Bxc2 Qe2+ 42. Kg3 Qe1+ 43. Kg2 Nf4# 0-1

[Event "OLNO 2223 SC Rotation Pankow - SC Empor "]
[Site "?"]
[Date "2023.05.07"]
[Round "9.2"]
[White "Tomczak, Rafal"]
[Black "Tschernatsch, Johannes"]
[Result "1-0"]
[WhiteElo "2309"]
[BlackElo "2304"]
[PlyCount "91"]
[EventDate "2023.??.??"]

1. e4 c5 2. Nf3 Nc6 3. d4 cxd4 4. Nxd4 Nf6 5. Nc3 e5 6. Nb3 Bb4 7. Bd3 Bxc3+ 8. bxc3 O-O 9. c4 d6 10. O-O Qc7 11. Bb2 Be6 12. Kh1 Nd7 13. Qd2 Rfd8 14. Rad1 a5 15. Qc3 Nb6 16. Ba1 Na4 17. Qe1 Ne7 18. f4 f6 19. Nd2 Rac8 20. Rb1 b6 21. Rb5 Bd7 22. Rb1 Nc6 23. Qg3 Kh8 24. Qh4 Rf8 25. Rf3 exf4 26. Qxf4 Ne5 27. Rg3 Be6 28. Qh4 g5 29. Qh5 Qf7 30. Qe2 h6 31. Rf1 Nc5 32. Nf3 Ncd7 33. Nd4 Kg7 34. Bb2 Nxc4 35. Bc1 Nde5 36. Qf2 Bd7 37. Be2 Qg6 38. h4 b5 39. Nf5+ Bxf5 40. exf5 Qe8 41. hxg5 hxg5 42. Bxg5 fxg5 43. Rxg5+ Kf6 44. Qh4 Rh8 45. Bh5 Nf3 46. Rxf3 1-0

[Event "OLNO 2223 SC Rotation Pankow - SC Empor "]
[Site "?"]
[Date "2023.05.07"]
[Round "9.5"]
[White "Jaeger, Uwe"]
[Black "Seils, Joerg"]
[Result "0-1"]
[WhiteElo "2204"]
[BlackElo "2311"]
[PlyCount "82"]
[EventDate "2023.??.??"]

1. e4 Nf6 2. Nc3 e5 3. Nf3 Nc6 4. Bc4 Bc5 5. d3 d6 6. h3 h6 7. O-O O-O 8. a3 a6 9. g4 Nh7 10. Nd5 Nd4 11. Nxd4 Bxd4 12. Kg2 c6 13. Ne3 d5 14. exd5 Bxe3 15. fxe3 cxd5 16. Bb3 Be6 17. c3 Qh4 18. Qe1 Qxe1 19. Rxe1 e4 20. dxe4 dxe4 21. Bxe6 fxe6 22. Bd2 Rad8 23. Re2 Ng5 24. Be1 Nf3 25. Bg3 Rd3 26. Rc1 Rc8 27. c4 Kf7 28. c5 e5 29. Rc4 Nd2 30. Rb4 Rxc5 31. Rxb7+ Kg8 32. Rb4 a5 33. Ra4 Nc4 34. Bf2 Rb3 35. Kg3 Nxb2 36. Rxe4 Nd3 37. Ra4 Kf7 38. Be1 Nf4 39. Rd2 Rxe3+ 40. Kf2 Rxh3 41. Rd7+ Ke6 0-1

[Event "OLNO 2223 SC Rotation Pankow - SC Empor "]
[Site "?"]
[Date "2023.05.07"]
[Round "9.6"]
[White "Bruchmann, Stephan"]
[Black "Trenner, Rolf"]
[Result "1/2-1/2"]
[WhiteElo "2167"]
[BlackElo "2133"]
[PlyCount "26"]
[EventDate "2023.??.??"]

1. e4 e5 2. Nf3 Nc6 3. Nc3 Bc5 4. Nxe5 Nxe5 5. d4 Bd6 6. dxe5 Bxe5 7. Bd2 Nf6 8. Bd3 O-O 9. f4 Bxc3 10. Bxc3 d5 11. e5 Bg4 12. Qd2 Ne4 13. Bxe4 dxe4 1/2-1/2

[Event "OLNO 2223 SC Rotation Pankow - SC Empor "]
[Site "?"]
[Date "2023.05.07"]
[Round "9.7"]
[White "Bachmann, Volker"]
[Black "Guth, Thomas"]
[Result "0-1"]
[WhiteElo "2082"]
[BlackElo "2226"]
[PlyCount "56"]
[EventDate "2023.??.??"]

1. d4 e6 2. c4 Nf6 3. Nc3 Bb4 4. Qc2 c5 5. dxc5 Bxc5 6. Nf3 O-O 7. Bg5 Be7 8. e3 d6 9. Bd3 Nbd7 10. O-O-O h6 11. h4 Nc5 12. Bxf6 Bxf6 13. g4 Bxc3 14. Qxc3 b5 15. cxb5 Bb7 16. Rh3 Ne4 17. Qe1 Nc5 18. Bc2 Rc8 19. Kb1 Qc7 20. g5 h5 21. Nd4 e5 22. Ne2 Qd7 23. Rh2 Bf3 24. Ka1 Qxb5 25. Nc3 Qb4 26. Rc1 Rb8 27. Rb1 d5 28. Qg1 d4 0-1

[Event "OLNO 2223 SC Rotation Pankow - SC Empor "]
[Site "?"]
[Date "2023.05.07"]
[Round "9.8"]
[White "Daum, Norman"]
[Black "Puhlmann, Rainer"]
[Result "1-0"]
[WhiteElo "2143"]
[BlackElo "2094"]
[PlyCount "55"]
[EventDate "2023.??.??"]

1. e4 e6 2. d4 d5 3. exd5 exd5 4. Bd3 Bd6 5. c3 c6 6. Ne2 Nf6 7. Bg5 Bg4 8. Qc2 Nbd7 9. h3 Bxe2 10. Qxe2+ Qe7 11. Nd2 Qxe2+ 12. Kxe2 O-O 13. Rhe1 Rfe8+ 14. Kf3 h6 15. Bf4 Bf8 16. g4 g6 17. Nb3 c5 18. dxc5 Nxc5 19. Nxc5 Bxc5 20. Bxh6 a6 21. Rad1 Rad8 22. Bc2 Kh7 23. Bg5 Rxe1 24. Rxe1 Kg7 25. b4 Bf8 26. Be3 Rc8 27. Bd4 Bxb4 28. cxb4 1-0

[Event "OLNO 2223 Greifswalder SV - SC Kreuzberg"]
[Site "?"]
[Date "2023.05.07"]
[Round "9.1"]
[White "Strache, Michael"]
[Black "Stubbe, Wilko"]
[Result "1/2-1/2"]
[WhiteElo "2244"]
[BlackElo "2179"]
[PlyCount "64"]
[EventDate "2023.??.??"]

1. Nf3 Nf6 2. c4 g6 3. Nc3 Bg7 4. d4 c5 5. g3 O-O 6. Bg2 cxd4 7. Nxd4 Nc6 8. O-O Qa5 9. e3 a6 10. Bd2 Rb8 11. Rc1 Nxd4 12. exd4 d6 13. b4 Qd8 14. h3 Re8 15. a4 Bf5 16. Qe2 Qb6 17. g4 Bd7 18. Qd3 h5 19. a5 Qd8 20. f3 b6 21. axb6 Qxb6 22. Rfe1 e5 23. c5 Qxb4 24. Ne4 Qxd4+ 25. Qxd4 exd4 26. c6 Bxc6 27. Rxc6 Nxe4 28. fxe4 Be5 29. Rxa6 hxg4 30. hxg4 Rec8 31. Ra2 Rb3 32. Rd1 Kg7 1/2-1/2

[Event "OLNO 2223 Greifswalder SV - SC Kreuzberg"]
[Site "?"]
[Date "2023.05.07"]
[Round "9.2"]
[White "Stopsack, Malte"]
[Black "Maetzkow, Maximilian Paul"]
[Result "1-0"]
[WhiteElo "2161"]
[BlackElo "2242"]
[PlyCount "72"]
[EventDate "2023.??.??"]

1. e4 e6 2. d4 d5 3. e5 c5 4. c3 Nc6 5. Nf3 Qb6 6. Bd3 cxd4 7. cxd4 Bd7 8. O-O Nxd4 9. Nbd2 Bc5 10. Nxd4 Bxd4 11. Nf3 Ne7 12. Rb1 Nc6 13. Bf4 h6 14. b4 g5 15. b5 Ne7 16. Bd2 g4 17. Nxd4 Qxd4 18. Qe2 Ng6 19. Bxg6 fxg6 20. Rb4 Qb6 21. Qxg4 O-O-O 22. Be3 Qa5 23. Rc1+ Kb8 24. Ra4 Qxb5 25. Bxa7+ Ka8 26. Ra3 Bc6 27. Bb6+ Kb8 28. Bxd8 Rxd8 29. Rb3 Qa5 30. Qxe6 Ba4 31. Rb2 d4 32. Rcb1 b5 33. Qc6 Ka7 34. e6 Qc3 35. e7 Rc8 36. Qd7+ Kb6 1-0

[Event "OLNO 2223 Greifswalder SV - SC Kreuzberg"]
[Site "?"]
[Date "2023.05.07"]
[Round "9.3"]
[White "Glienke, Manfred"]
[Black "Woll, Wilfried"]
[Result "1/2-1/2"]
[WhiteElo "2196"]
[BlackElo "2014"]
[PlyCount "26"]
[EventDate "2023.??.??"]

1. Nf3 d5 2. d4 c5 3. c4 e6 4. Nc3 Nc6 5. e3 Nf6 6. cxd5 exd5 7. Be2 Be7 8. O-O O-O 9. b3 Bf5 10. Bb2 Rc8 11. Rc1 Be4 12. dxc5 Bxc5 13. Nxe4 Nxe4 1/2-1/2